LEADER 03242nam 2200685 450 001 9910463980103321 005 20211208221829.0 010 $a1-306-46333-5 010 $a0-520-95777-6 024 7 $a10.1525/9780520957770 035 $a(CKB)2670000000529037 035 $a(EBL)1639076 035 $a(SSID)ssj0001130664 035 $a(PQKBManifestationID)11642921 035 $a(PQKBTitleCode)TC0001130664 035 $a(PQKBWorkID)11109069 035 $a(PQKB)10041116 035 $a(StDuBDS)EDZ0000229855 035 $a(MiAaPQ)EBC1639076 035 $a(OCoLC)871189636 035 $a(MdBmJHUP)muse32327 035 $a(DE-B1597)520014 035 $a(DE-B1597)9780520957770 035 $a(Au-PeEL)EBL1639076 035 $a(CaPaEBR)ebr10841530 035 $a(CaONFJC)MIL577584 035 $a(EXLCZ)992670000000529037 100 $a20140314h20142014 uy 0 101 0 $aeng 135 $aurnz#---|u||u 181 $ctxt 182 $cc 183 $acr 200 10$aBorn out of place $emigrant mothers and the politics of international labor /$fNicole Constable 210 1$aBerkeley, California :$cUniversity of California Press,$d2014. 210 4$d©2014 215 $a1 online resource (278 p.) 300 $aDescription based upon print version of record. 311 0 $a0-520-28202-7 311 0 $a0-520-28201-9 320 $aIncludes bibliographical references and index. 327 $tFront matter --$tContents --$tIllustrations --$tPreface --$tAcknowledgments --$t1. A Very Tiny Problem --$t2. Ethnography and Everyday Life --$t3. Women --$t4. Men --$t5. Sex and Babies --$t6. Wives and Workers --$t7. Asylum Seekers and Overstayers --$t8. The Migratory Cycle of Atonement --$tNotes --$tReferences --$tIndex 330 $aHong Kong is a meeting place for migrant domestic workers, traders, refugees, asylum seekers, tourists, businessmen, and local residents. In Born Out of Place, Nicole Constable looks at the experiences of Indonesian and Filipina women in this Asian world city. Giving voice to the stories of these migrant mothers, their South Asian, African, Chinese, and Western expatriate partners, and their Hong Kong-born babies, Constable raises a serious question: Do we regard migrants as people, or just as temporary workers? This accessible ethnography provides insight into global problems of mobility, family, and citizenship and points to the consequences, creative responses, melodramas, and tragedies of labor and migration policies. 606 $aWomen immigrants$zChina$zHong Kong$xSocial conditions 606 $aWomen foreign workers$zChina$zHong Kong$xSocial conditions 606 $aEmigration and immigration$xSocial aspects 607 $aHong Kong (China)$xEmigration and immigration 608 $aElectronic books. 615 0$aWomen immigrants$xSocial conditions. 615 0$aWomen foreign workers$xSocial conditions. 615 0$aEmigration and immigration$xSocial aspects. 676 $a306.874/308864095125 700 $aConstable$b Nicole$01023774 801 0$bMiAaPQ 801 1$bMiAaPQ 801 2$bMiAaPQ 906 $aBOOK 912 $a9910463980103321 996 $aBorn out of place$92480355 997 $aUNINA LEADER 01583oam 2200469 450 001 9910707165203321 005 20160816072829.0 035 $a(CKB)5470000002461845 035 $a(OCoLC)948682141 035 $a(EXLCZ)995470000002461845 100 $a20160504d2016 ua 0 101 0 $aeng 135 $aurmn||||||||| 181 $2rdacontent 182 $2rdamedia 183 $2rdacarrier 200 00$aPregnant?, read this before you travel 210 1$a[Atlanta, Ga.] :$cU.S. Department of Health and Human Services, Centers for Disease Control and Prevention,$d2016. 215 $a1 online resource (4 unnumbered pages) $cillustrations 300 $aTitle from title screen (viewed May 3, 2016). 300 $a"March 26, 2016." 300 $a"CS262417H." 517 3 $aRead this before you travel 517 1 $aCDC's response to Zika 606 $aPregnant women$xTravel$xHealth aspects 606 $aZika virus 606 $aVirus diseases$xTransmission$xPrevention 606 $aMosquitoes as carriers of disease 606 $aBites and stings$xPrevention 615 0$aPregnant women$xTravel$xHealth aspects. 615 0$aZika virus. 615 0$aVirus diseases$xTransmission$xPrevention. 615 0$aMosquitoes as carriers of disease. 615 0$aBites and stings$xPrevention. 712 02$aCenters for Disease Control and Prevention (U.S.), 801 0$bGPO 801 1$bGPO 801 2$bGPO 906 $aBOOK 912 $a9910707165203321 996 $aPregnant?, read this before you travel$93312768 997 $aUNINA LEADER 02970oam 2200661 c 450 001 9910413343403321 005 20260302090207.0 010 $a3-8309-8983-0 024 3 $a9783830989837 035 $a(CKB)4930000000057096 035 $a(Waxmann)9783830989837 035 $a(oapen)https://directory.doabooks.org/handle/20.500.12854/44574 035 $a(oapen)doab44574 035 $a(EXLCZ)994930000000057096 100 $a20260302h20192018 uy 0 101 0 $aeng 135 $aurnnunnnannuu 181 $ctxt$2rdacontent 182 $cc$2rdamedia 183 $acr$2rdacarrier 200 10$aDealing with religious difference in kindergarten $eAn ethnographic study in religiously affiliated institutions /$fHelena Stockinger 205 $a1st, New ed. 210 $aMünster$cWaxmann$d2019 210 $d2019, c2018 215 $a1 online resource (258 p.) 225 0 $aReligious Diversity and Education in Europe$v38 311 08$a3-8309-3983-3 330 $aIn kindergartens children of different religions and with different religious attitudes meet, play and learn together. How do kindergartens deal with religious differences and how do children address this topic? The ethnographic study reported in this book explores this question in two kindergartens, one run by a Catholic, the other by an Islamic organization. The results illustrate how important it is to handle religious difference attentively. In order to reduce structural discrimination, the author considers how a culture of recognition can be developed, with religious difference being given the attention it requires. This book provides a valuable contribution to a difference-sensitive interaction in educational institutions. 330 1 $aThis insightful study is a delight to read as it opens up for us the voices of very young children about their experience and understanding of religious difference. ? Sandra Cullen, in: British Journal of Religious Education 42:1, pp. 106-108. 606 $afrühe Kindheit 606 $aReligion 606 $aKita 606 $aElementarbildung 606 $ainterreligiös 606 $areligiöse Diversität 606 $areligious diversity 606 $aRE 606 $aReligious Education 606 $aReligionspädagogik 606 $aSozialpädagogik und Pädagogik der frühen Kindheit 615 4$afrühe Kindheit 615 4$aReligion 615 4$aKita 615 4$aElementarbildung 615 4$ainterreligiös 615 4$areligiöse Diversität 615 4$areligious diversity 615 4$aRE 615 4$aReligious Education 615 4$aReligionspädagogik 615 4$aSozialpädagogik und Pädagogik der frühen Kindheit 700 $aStockinger$b Helena$4aut$01204643 801 0$bWaxmann 801 1$bWaxmann 906 $aBOOK 912 $a9910413343403321 996 $aDealing with religious difference in kindergarten$92780223 997 $aUNINA